|
|
|
|
| LEADER |
00824nam a2200229 a 4500 |
| 001 |
c000014656 |
| 003 |
CARM |
| 005 |
19890721000000.0 |
| 008 |
890721s1970 vraa 000 0 eng d |
| 019 |
1 |
|
|a 6504477
|z 53523995
|z 58018736
|5 LACONCORD2021
|
| 035 |
|
|
|a (OCoLC)221319135
|5 LACONCORD2021
|
| 040 |
|
|
|a 2509
|b eng
|c 2509
|
| 042 |
|
|
|a anuc
|
| 245 |
1 |
0 |
|a Air :
|b a Philip Morris exhibition.
|
| 260 |
|
|
|a Melbourne :
|b Philip Morris (Australia) Ltd.,
|c 1970.
|
| 300 |
|
|
|a 48 p. :
|b ill.
|
| 650 |
|
0 |
|a Air art.
|
| 650 |
|
0 |
|a Art, Modern
|y 20th century.
|
| 710 |
2 |
|
|a Philip Morris (Australia)
|
| 852 |
8 |
|
|b CARM
|h A2:AB15D1
|i E00092
|p 0035426
|f BK
|
| 999 |
f |
f |
|i 12c3a6b6-2663-56b7-ae66-6363b695ce9b
|s 6e8a2f8f-33ac-5e46-b5d5-8aeaacbf2b13
|
| 952 |
f |
f |
|p Can circulate
|a CAVAL
|b CAVAL
|c CAVAL
|d CARM 1 Store
|e E00092
|f A2:AB15D1
|h Other scheme
|i book
|m 0035426
|